Motivačný plán a CRM ako súčasť marketingovej stratégie agropotravinárskych podnikov v rozšírenej EÚ

Snaha podnikateľských subjektov pôsobiacich v agrorezorte o udržanie si svojej pozície na trhoch. Motivácia zamestnancov k vyšším výkonom a potencionálnych zákazníkov ku kúpe produktov. Motivačný plán a CRM v oblasti agropotravinástva zameraný na zákazníka. Obsah a zameranie motivačného plánu.

Gespeichert in:
Bibliographische Detailangaben
1. Verfasser: Chebeň, Juraj
Format: Buchkapitel
Sprache:Slowakisch
Schlagworte:
Tags: Tag hinzufügen
Keine Tags, Fügen Sie das erste Tag hinzu!

MARC

LEADER 00000naa$a2200000$$$4500
001 0047870
005 20240502071541.9
041 0 |a slo 
044 |a SK 
245 1 0 |a Motivačný plán a CRM ako súčasť marketingovej stratégie agropotravinárskych podnikov v rozšírenej EÚ  |c Juraj Chebeň 
520 |a Snaha podnikateľských subjektov pôsobiacich v agrorezorte o udržanie si svojej pozície na trhoch. Motivácia zamestnancov k vyšším výkonom a potencionálnych zákazníkov ku kúpe produktov. Motivačný plán a CRM v oblasti agropotravinástva zameraný na zákazníka. Obsah a zameranie motivačného plánu. 
610 2 0 |a stratégia marketingová 
610 2 0 |a systém CRM 
610 2 0 |a podnikatelia 
610 2 0 |a zákazníci 
610 2 0 |a motivácia 
610 2 0 |a plán 
610 2 0 |a agropotravinárstvo 
610 2 0 |a predaj 
610 2 0 |a produkty 
610 2 0 |a merchandising 
100 1 |a Chebeň, Juraj